000 00526nam a22001937a 4500
005 20251108170745.0
008 250721s1998 xx 000 0 ara d
082 1 4 _a004.65/دوف
100 1 _aدوفور، أرنود
245 1 0 _aإنترنت /
264 1 _aبيروت :
_bدار العربية للعلوم،
_c1998.
300 _a166ص
490 0 _aزدني علماً
650 1 7 _aالحواسيب
650 1 7 _aإنترنت
700 1 _aملحس، منى
_eترجمة
942 _2ddc
_cBK
999 _c48262
_d48262